YKY Şiir Yıllığı 2006 (Record no. 1036)

000 -LEADER
fixed length control field 00434nam a22001457a 4500
008 - FIXED-LENGTH DATA ELEMENTS--GENERAL INFORMATION
fixed length control field 170407b xxu||||| |||| 00| p tur d
041 ## - LANGUAGE CODE
Language code of text/sound track or separate title Türkçe
100 ## - MAIN ENTRY--PERSONAL NAME
9 (RLIN) 592
Personal name Baki Asiltürk
245 ## - TITLE STATEMENT
Title YKY Şiir Yıllığı 2006
Statement of responsibility, etc. Haz.: Baki Asiltürk
260 ## - PUBLICATION, DISTRIBUTION, ETC.
Place of publication, distribution, etc. İstanbul
Name of publisher, distributor, etc. Yapı Kredi Yayınları
Date of publication, distribution, etc. Şubat 2007
300 ## - PHYSICAL DESCRIPTION
Extent 247 sayfa
500 ## - GENERAL NOTE
General note Kitap-lık dergisinin armağınıdır.
650 #0 - SUBJECT ADDED ENTRY--TOPICAL TERM
9 (RLIN) 145
Topical term or geographic name entry element Türk Edebiyatı
942 ## - ADDED ENTRY ELEMENTS (KOHA)
Source of classification or shelving scheme
Koha item type Books
Holdings
Withdrawn status Lost status Source of classification or shelving scheme Damaged status Not for loan Permanent Location Current Location Shelving location Date acquired Barcode Date last seen Price effective from Koha item type
        Ödünç verilemez İmren Ahmet Tüzün Kütüphanesi İmren Ahmet Tüzün Kütüphanesi Ahmet Tüzün 2017-08-08 100100001014 2017-08-08 2017-08-08 Books

This software was implemented, installed and managed by Devinim Software Training Consulting .